Statistiques concernant 5 pays les plus petits par continent

Cliquez ici pour prendre le quiz!

Statistiques générales

  • Ce quiz a été pris 182 fois
    (116 depuis la dernière actualisation)
  • Le résultat moyen est 18 sur 30

Statistiques - réponses

ContinentSuperficiePays% Correct
Europe0,44 km²Vatican
100%
Europe1,95 km²Monaco
96%
Europe161 km²Liechtenstein
84%
Europe61 km²Saint-Marin
84%
Amérique du Sud406 752 km²Paraguay
71%
Amérique du Sud163 820 km²Suriname
71%
Amérique du Sud176 215 km²Uruguay
71%
Amérique du Sud214 969 km²Guyana
68%
Amérique du Sud283 561 km²Équateur
66%
Océanie26 km²Tuvalu
66%
Europe316 km²Malte
64%
Océanie21 km²Nauru
64%
Afrique4033 km²Cap vert
63%
Amérique du Nord430 km²Barbade
59%
Afrique2040 km²Maurice
59%
Océanie748 km²Tonga
59%
Amérique du Nord389 km²Saint-Vincent-et-les-Grenadines
55%
Afrique455 km²Seychelles
55%
Asie5 765 km²Brunei
54%
Afrique2235 km²Comores
52%
Amérique du Nord261 km²Saint-Christophe-et-Niévès
52%
Afrique1001 km²São Tomé-et-Principe
52%
Asie734,3 km²Singapour
52%
Amérique du Nord440 km²Antigua-et-Barbuda
50%
Océanie181 km²Îles Marshall
50%
Asie14 900 km²Timor Oriental
50%
Amérique du Nord344 km²Grenade
48%
Océanie811,2 km²Kiribati
48%
Asie786,5 km²Bahreïn
43%
Asie297,8 km²Maldives
38%

Distribution des résultats

Percentile par nombre de réponses

% des personnes avec chaque résultat

Votre développement - résultats

Vous n’avez pas pris ce quiz depuis la dernière actualisation